| 000 | 00720nam a22002177a 4500 | ||
|---|---|---|---|
| 999 |
_c21288 _d21288 |
||
| 003 | AR-CdUCM | ||
| 008 | 190411b ||||| |||| 00| 0 spa d | ||
| 020 | _a9786124759734 | ||
| 040 |
_aMUNICIPALIDAD PROVINCIAL DEL CUSCO _cBIBLIOTECA MUNICIPAL DEL CUSCO |
||
| 082 |
_aEP/808/A45U _bA45U |
||
| 100 |
_aÁlvarez Ferro, Gabriela _944457 |
||
| 245 | _aUna familia distinta / | ||
| 260 |
_aCusco ; _bREGESA, _c2017. |
||
| 300 |
_a84 Páginas. : _bilustraciones en color ; _c16x21 cm. |
||
| 500 | _aTexto en idiomas Castellano, Quechua e Inglés. | ||
| 505 | _aCon actividades para el plan lector. | ||
| 650 |
_aCuentos infantiles _944458 |
||
| 650 |
_aLiteratura infantil _9588 |
||
| 942 |
_2ddc _cLIBROS |
||
| 945 | _aRoel | ||